000 00656nam a22002057a 4500
999 _c16840
_d16840
003 AR-CdUCM
008 190506b ||||| |||| 00| 0 spa d
040 _aMUNICIPALIDAD PROVINCIAL DEL CUSCO
_cBIBLIOTECA MUNICIPAL DEL CUSCO
082 _a611 /
_bC96
245 _aEl cuerpo humano :
_bMaravillas y cuidado de nuestro organismo /
260 _aMéxico :
_bReader´s Diigest,
_c1963.
300 _a511 paginas ;
_c20 cm.
500 _aSelecciones de Reader's Digest
650 _aCuerpo humano
_918643
650 _aAspectos de salud
_936537
650 _aHigiene
_925829
650 _aSalud
_98684
942 _2ddc
_cLIBROS
945 _arjall
_d2019-05-06